• 首页
  • 本馆介绍
  • 公告通知
  • 最新文献
  • 馆藏检索
  • 电子资源
  • 读者导购
  • 参考咨询
  • 我的图书馆
  • 登录
  • 详细信息显示
  • 放入我的书架
  • 预约/预借图书
  • 作者相关作品
  • 分类相关作品
  • 丛书相关作品
  • 出版社相关作品

书目信息

  • 表格格式
  • 工作单格式
  • 卡片格式
题名:
毛泽东诗词欣赏
    
 
作者: 周振甫 著
分册:  
出版信息: 北京   中华书局  2019
页数: 238页, [19] 页图版
开本: 21cm
丛书名: 国民阅读经典
单 册:
中图分类: A841.4
科图分类:
主题词: 毛主席诗词--mao zhu xi shi ci--鉴赏
电子资源:
ISBN: 978-7-101-13593-0
000 00966oam2 2200253 450
001 2131039922
005 20211029202829.0
010    @a978-7-101-13593-0@dCNY28.00
100    @a20190624d2019 em y0chiy50 ea
101 0  @achi
102    @aCN@b110000
105    @afh z 000yy
106    @ar
200 1  @a毛泽东诗词欣赏@Amao ze dong shi ci xin shang@e插图本@f周振甫著
210    @a北京@c中华书局@d2019
215    @a238页, [19] 页图版@c摹真@d21cm
225 2  @a国民阅读经典@Aguo min yue du jing dian
330    @a本书诗词书法并美, 见伟人胸怀, 诗人辞采, 书家韵致。注释鉴赏俱佳, 解诗词常识, 写作背景, 文心妙处。周振甫先生是钱钟书先生推重的学者型编辑, 也是著作等身的编辑型学者。在参与毛泽东诗词注释工作过程中, 曾提出原作的两处错误, 并被采纳。
461  0 @12001 @a国民阅读经典
606 0  @a毛主席诗词@Amao zhu xi shi ci@x鉴赏
690    @aA841.4@v4
701  0 @a周振甫@Azhou zhen fu@4著
801  0 @aCN@b百万庄@c20211029
905    @b1312943-46@dA841.4@e188@f4
    
    毛泽东诗词欣赏:插图本/周振甫著.-北京:中华书局,2019
    238页, [19] 页图版:摹真;21cm.-(国民阅读经典)
    
    
    ISBN 978-7-101-13593-0:CNY28.00
    本书诗词书法并美, 见伟人胸怀, 诗人辞采, 书家韵致。注释鉴赏俱佳, 解诗词常识, 写作背景, 文心妙处。周振甫先生是钱钟书先生推重的学者型编辑, 也是著作等身的编辑型学者。在参与毛泽东诗词注释工作过程中, 曾提出原作的两处错误, 并被采纳。
●
相关链接 在E读中查询图书 在五车中查询图书 在当当中查询图书 在豆瓣中查询图书


正题名:毛泽东诗词欣赏     索取号:A841.4/188         预约/预借

序号 登录号 条形码 馆藏地/架位号 状态 备注
1 1312943   213129434   第一样本阅览室/ [索取号:A841.4/188] 在馆    
2 1312944   213129443   第一借阅区/ [索取号:A841.4/188] 在馆    
3 1312945   213129452   第一借阅区/ [索取号:A841.4/188] 在馆    
4 1312946   213129461   第一借阅区/ [索取号:A841.4/188] 在馆    
唐山师范学院图书馆 欢迎您!
大连网信软件有限公司© 版权所有